LDR 00765naa#a2200169#i#450# 001 EN\\bibl\19453 005 20260516063641.6 100 ## _a20260515b2026####ek#y0engy0150####ca 102 ## _aRU 200 1# _aSERBIAN SPRUCE (PICEA OMORIKA) INTRODUCTION IN THE AMENITY FOREST OF THE ALL-RUSSIAN RESEARCH INSTITUTE OF FOREST GENETICS, BREEDING AND BIOTECHNOLOGY _eConference article/thesis 210 1# _aVoronezh _cFSBE Institution of Higher Education Voronezh State University of Forestry and Technologies named after G.F. Morozov _d2026 215 ## _a6 с. 608 ## _aConference article/thesis _2local 675 ## _aЛесное хозяйство. Лесоводство. 630 _z 700 #1 _aKomarova _gOl'ga Valer'evna 700 #1 _aShipilova _gValentina Fedorovna 856 4# _abibl.vgltu.ru _u